Flagi państw I wojny światowej - Statystyki

Ogólne statystyki
  • Ten quiz został rozwiązany 4 064 razy
  • Średni wynik to 16 z 20
Statystyki odpowiedzi
Obrazkowy Hint Odpowiedź % Poprawnych
1 150 000 Francja
100%
1 200 000 Imperium Rosyjskie
100%
335 706 Rumunia
97%
744 ,000 Wielka Brytania
97%
460 000 Włochy
95%
61 527 Australia
94%
38 170 Belgia
94%
87 500 Bułgaria
94%
53 402 Stany Zjednoczone
94%
127 500 Serbia
93%
7 222 Portugalia
92%
18 166 Nowa Zelandia
91%
1 800 000 Niemcy
89%
305 085 Imperium Osmańskie
82%
1 016 200 Cesarstwo Austriackie
70%
56 638 Kanada
56%
5 000 Grecja
54%
3 000 Czarnogóra
45%
7 121 Republika Południowej Afryki
45%
1 204 Nowa Fundlandia
13%
Nie znaleziono quizów pasujących do podanych kryteriów
Rozkład punktacji
Procent ludzi z każdym wynikiem
Percentyl według liczby udzielonych odpowiedzi
Twoja historia wyników
Nie rozwiązałeś tego quizu